Μυθολογίες βίας και καταστολής

Αποθηκεύτηκε σε:
Λεπτομέρειες βιβλιογραφικής εγγραφής
Κύριος συγγραφέας: Τσαλίκογλου, Φωτεινή
Μορφή: Βιβλίο
Γλώσσα:Greek
Δημοσίευση: Αθήνα : Παπαζήσης, 1996
Έκδοση:2εκδ., διορθ., βελτ.
Θέματα:
Ετικέτες: Προσθήκη ετικέτας
Δεν υπάρχουν, Καταχωρήστε ετικέτα πρώτοι!

MARC

LEADER 00000nam a2200000 i 4500
001 1/42162
008 140214s1996 gre d
035 |l 10116700 
040 |a GR-MY-UA  |b gre  |e aacr 
041 0 |a gre 
082 0 |a 303.6 
100 1 |a Τσαλίκογλου, Φωτεινή. 
245 1 0 |a Μυθολογίες βίας και καταστολής /  |c Φωτεινή Τσαλίκογλου 
250 |a 2εκδ., διορθ., βελτ. 
260 |a Αθήνα :   |b Παπαζήσης,   |c 1996 
300 |a 253 σ. 
650 0 0 |a Violence. 
650 0 0 |a Violence  |x Social aspects. 
650 0 0 |a Psychiatry. 
650 0 0 |a Rape. 
852 |a INST  |b LESVOS  |c EUDOXUS  |e 20140214  |h 303.6 ΤΣΑ  |p 005100053614  |q 005100053614  |t EDX  |y 0 
901 |a BIBL1-2014-1 
909 |a Λ  |b 177392 
920 |a ΕΥΔΟΞΟΣ  |b ΠΑΡΑΓΓΕΛΙΑ  |y ΛΕΣΒΟΣ-ΤΚΑ  |z 2014-02 
970 |a ΚΑΜΑΤΣΟΥ  |b ΔΕΣΠΟΙΝΑ  |z 2014-02-14